[Event "Autunno Scacchistico Magistrale"]
[Site "Venezia ITA"]
[Date "2003.11.01"]
[Round "4"]
[White "Maneschi, Giuseppe"]
[Black "Opacic, Alexandar"]
[Result "1/2-1/2"]
[WhiteElo "2091"]
[BlackElo "2088"]
[PlyCount "107"]
[EventDate "2003.10.30"]

1. d4 d5 2. Nf3 c6 3. e3 Bg4 4. c4 e6 5. Nbd2 Nf6 6. Qb3 Qb6 7. Ne5 Bf5 8. Be2
Nbd7 9. f4 h5 10. O-O Be7 11. Ndf3 Qxb3 12. axb3 Nxe5 13. Nxe5 Nd7 14. Nxd7
Kxd7 15. Bd2 Bc2 16. b4 dxc4 17. Bxc4 a6 18. Bc3 Be4 19. Rf2 h4 20. Re1 Rag8
21. Kf1 f5 22. Ke2 Rh6 23. Rg1 g5 24. Ke1 gxf4 25. exf4 Rhg6 26. Bf1 Bd6 27.
Ke2 Rg4 28. Bd2 Bc7 29. Ke3 Bb6 30. Bc3 Ba7 31. Rd2 Bd5 32. Rf2 Kd6 33. Rd2 Bb8
34. Rf2 Kd7 35. Bd2 Be4 36. Bc3 Bd6 37. Bd2 Ke7 38. Bc3 a5 39. bxa5 c5 40. dxc5
Bxc5+ 41. Bd4 Rg3+ 42. hxg3 Rxg3+ 43. Rf3 Bxd4+ 44. Kxd4 Bxf3 45. Rh1 Bxg2 46.
Bxg2 Rxg2 47. b4 Kd6 48. Rxh4 Re2 49. Kc4 Kc6 50. b5+ Kd6 51. Rh7 Re4+ 52. Kb3
Re3+ 53. Kb4 Re4+ 54. Kb3 1/2-1/2

[Event "Autunno Scacchistico Magistrale"]
[Site "Venezia ITA"]
[Date "2003.11.01"]
[Round "4"]
[White "Mileto, Gabriele"]
[Black "Artizzu, Giulio"]
[Result "0-1"]
[WhiteElo "2222"]
[BlackElo "2127"]
[PlyCount "68"]
[EventDate "2003.10.30"]

1. c4 Nf6 2. Nc3 g6 3. g3 Bg7 4. Bg2 O-O 5. e4 d6 6. Nge2 c5 7. O-O Nc6 8. d3
Bd7 9. h3 Rb8 10. Be3 a6 11. d4 cxd4 12. Nxd4 Qc8 13. Kh2 Nxd4 14. Bxd4 Qxc4
15. Bxf6 Bxf6 16. Nd5 Bxb2 17. Rb1 Bf6 18. Nb6 Qc7 19. Nxd7 Qxd7 20. Qb3 b5 21.
Rfc1 Bd4 22. f3 Rfc8 23. Bf1 Rxc1 24. Rxc1 Rc8 25. Qd1 e5 26. Bd3 Rc5 27. Kg2
Qc7 28. Rc2 Qa5 29. Kf1 h5 30. Be2 h4 31. gxh4 Qd8 32. Rxc5 dxc5 33. Qe1 Qf6
34. Qg3 Qe6 0-1

[Event "Autunno Scacchistico Magistrale"]
[Site "Venezia ITA"]
[Date "2003.11.01"]
[Round "4"]
[White "Quaranta, Cristiano"]
[Black "Navarro, Stefano"]
[Result "0-1"]
[WhiteElo "1942"]
[BlackElo "2127"]
[PlyCount "60"]
[EventDate "2003.10.30"]

1. d4 d5 2. Bg5 f6 3. Bf4 Bf5 4. e3 e6 5. c4 Bxb1 6. Qxb1 Bb4+ 7. Kd1 c6 8. Bd3
e5 9. a3 Ba5 10. Bg3 dxc4 11. Bxc4 Ne7 12. Nf3 Nd7 13. Ke2 Ng6 14. Qf5 Qe7 15.
h4 Bc7 16. h5 Ngf8 17. Rad1 Nb6 18. Bb3 Nfd7 19. Rh4 O-O-O 20. Re4 Rdf8 21. Bh4
Qe8 22. Be6 g6 23. Qh3 f5 24. Rxe5 Bxe5 25. Bxd7+ Nxd7 26. dxe5 Qe6 27. Bg3
Qc4+ 28. Ke1 Nxe5 29. Nd2 Nd3+ 30. Kf1 Qc2 0-1

[Event "Autunno Scacchistico Magistrale"]
[Site "Venezia ITA"]
[Date "2003.11.02"]
[Round "5"]
[White "Alberti, Andrea"]
[Black "Drazic, Sinisa"]
[Result "0-1"]
[WhiteElo "2174"]
[BlackElo "2467"]
[PlyCount "92"]
[EventDate "2003.10.30"]

1. d4 d5 2. c4 dxc4 3. e3 Be6 4. Na3 c5 5. Nxc4 cxd4 6. exd4 Nc6 7. Nf3 Nf6 8.
Be2 Bxc4 9. Bxc4 e6 10. O-O Be7 11. Qe2 O-O 12. Rd1 Rc8 13. a3 Nd5 14. Ba2 Bf6
15. Qe4 Rc7 16. Be3 Rd7 17. Rd2 g6 18. Rad1 Qa5 19. Rc1 Rfd8 20. Rc5 Qa4 21. h4
Nxe3 22. fxe3 Be7 23. Rc4 Qa5 24. Rf2 Qf5 25. Bb1 Bf6 26. g4 Qd5 27. Rc5 Qd6
28. b4 a5 29. g5 Bg7 30. h5 axb4 31. axb4 Nxb4 32. Kg2 b6 33. Rc1 Rc7 34. Rh1
Nd5 35. hxg6 hxg6 36. Ne5 Bxe5 37. dxe5 Qb4 38. Qf3 Qc3 39. Rh6 Nxe3+ 40. Kh3
Nf5 41. Bxf5 exf5 42. Qxc3 Rxc3+ 43. Kg2 Re3 44. Rb2 Rxe5 45. Rxb6 Re4 46. Rh3
Rg4+ 0-1

[Event "Autunno Scacchistico Magistrale"]
[Site "Venezia ITA"]
[Date "2003.11.02"]
[Round "5"]
[White "Artizzu, Giulio"]
[Black "Dragojlovic, Andjelko"]
[Result "0-1"]
[WhiteElo "2127"]
[BlackElo "2327"]
[PlyCount "70"]
[EventDate "2003.10.30"]

1. e4 c5 2. Nf3 g6 3. d4 cxd4 4. Nxd4 Bg7 5. Be3 Nf6 6. Nc3 Nc6 7. f3 O-O 8.
Bc4 Qb6 9. O-O Qxb2 10. Ncb5 Qb4 11. Qe2 Qa5 12. Nb3 Qd8 13. Qf2 a6 14. Bb6
axb5 15. Bxd8 bxc4 16. Bb6 cxb3 17. cxb3 d5 18. Rfe1 dxe4 19. fxe4 Nxe4 20. Qh4
Nd6 21. a4 Bxa1 22. Rxa1 Be6 23. b4 Rfc8 24. b5 Nxb5 25. Re1 Nd6 26. Rd1 Nc4
27. Bf2 Rxa4 28. Qh6 Nd6 29. h3 Nf5 30. Qc1 h5 31. Qb1 Rb4 32. Qa1 h4 33. Be1
Rc4 34. Rb1 Ncd4 35. Rxb7 Nc2 0-1

[Event "Autunno Scacchistico Magistrale"]
[Site "Venezia ITA"]
[Date "2003.11.02"]
[Round "5"]
[White "Bonafede, Alessandro"]
[Black "Di Lascio, Savino"]
[Result "1-0"]
[WhiteElo "2034"]
[BlackElo "2101"]
[PlyCount "73"]
[EventDate "2003.10.30"]

1. e4 c6 2. d3 d5 3. Nd2 dxe4 4. dxe4 g6 5. g3 Bg7 6. Bg2 Nf6 7. Ngf3 a5 8. O-O
h5 9. Ng5 h4 10. e5 Ng4 11. e6 f5 12. Nf7 Qd4 13. c3 Qf6 14. Nxh8 hxg3 15. hxg3
Bxh8 16. Ne4 Qxe6 17. Ng5 Qg8 18. Re1 Bf6 19. Bf4 Qh8 20. Qb3 Bxg5 21. Bxg5 e5
22. Rad1 Nd7 23. Qe6+ Kf8 24. Qe7+ Kg8 25. Qe8+ Nf8 26. Rd8 Qg7 27. Be7 Bd7 28.
Qxd7 Rxd8 29. Qxd8 e4 30. Qxf8+ Qxf8 31. Bxf8 Kxf8 32. f3 exf3 33. Bxf3 Nf6 34.
a4 g5 35. Re5 g4 36. Rxf5 Ke7 37. Rxf6 1-0

[Event "Autunno Scacchistico Magistrale"]
[Site "Venezia ITA"]
[Date "2003.11.02"]
[Round "5"]
[White "Cristiani, Cesare"]
[Black "Pechy, Alaster"]
[Result "1/2-1/2"]
[WhiteElo "2137"]
[BlackElo "2104"]
[PlyCount "39"]
[EventDate "2003.10.30"]

1. d4 Nf6 2. c4 g6 3. Nc3 d5 4. Nf3 Bg7 5. Bg5 Ne4 6. Bf4 Nxc3 7. bxc3 O-O 8.
e3 c5 9. cxd5 cxd4 10. cxd4 Qxd5 11. Be2 Nc6 12. O-O Bf5 13. Qa4 Rac8 14. Rfc1
Qa5 15. Qd1 Nb4 16. Qd2 Nc6 17. Qxa5 Nxa5 18. Ne5 Rxc1+ 19. Rxc1 Rc8 20. Rxc8+
1/2-1/2

[Event "Autunno Scacchistico Magistrale"]
[Site "Venezia ITA"]
[Date "2003.11.02"]
[Round "5"]
[White "Fattorelli, Luciano"]
[Black "Del Monaco, Andrea"]
[Result "1/2-1/2"]
[WhiteElo "2169"]
[BlackElo "2175"]
[PlyCount "22"]
[EventDate "2003.10.30"]

1. e4 c5 2. Nc3 e6 3. Nge2 a6 4. a4 b6 5. g3 Bb7 6. Bg2 d6 7. O-O Qc7 8. d3 h5
9. h3 Nf6 10. Be3 Nbd7 11. Qd2 Be7 1/2-1/2

[Event "Autunno Scacchistico Magistrale"]
[Site "Venezia ITA"]
[Date "2003.11.02"]
[Round "5"]
[White "Genocchio, Daniele"]
[Black "Boricsev, Oleg"]
[Result "0-1"]
[WhiteElo "2333"]
[BlackElo "2342"]
[PlyCount "52"]
[EventDate "2003.10.30"]

1. Nf3 f5 2. d3 Nf6 3. e4 d6 4. e5 dxe5 5. Nxe5 Nbd7 6. Nxd7 Qxd7 7. f4 Qe6+ 8.
Be2 Ng4 9. Qd2 g6 10. O-O Qb6+ 11. d4 Bg7 12. c3 c5 13. dxc5 Qxc5+ 14. Kh1 Bd7
15. Bxg4 fxg4 16. Na3 Bc6 17. Nc2 O-O 18. Qf2 Qc4 19. Re1 Rae8 20. Nd4 e5 21.
Qe2 Qxe2 22. Nxe2 Bb5 23. c4 Bxc4 24. Nc3 exf4 25. Bd2 f3 26. gxf3 gxf3 0-1

[Event "Autunno Scacchistico Magistrale"]
[Site "Venezia ITA"]
[Date "2003.11.02"]
[Round "5"]
[White "Kasparov, Sergey"]
[Black "Jankovic, Alojzije"]
[Result "1-0"]
[WhiteElo "2482"]
[BlackElo "2383"]
[PlyCount "77"]
[EventDate "2003.10.30"]

1. e4 c5 2. Nf3 d6 3. d4 cxd4 4. Nxd4 Nf6 5. f3 Nc6 6. c4 e6 7. Nc3 Qb6 8. Nc2
Be7 9. Bd3 O-O 10. Ne3 Rd8 11. O-O Ne5 12. Kh1 Bd7 13. Be2 Bc6 14. Qd2 Rac8 15.
Rd1 Bf8 16. Qe1 a6 17. Rb1 a5 18. Bf1 Qc5 19. Nc2 Ng6 20. Be3 Qh5 21. Bd4 d5
22. exd5 exd5 23. c5 Nd7 24. Qf2 Nf4 25. a3 a4 26. Nb4 Ne6 27. Nxc6 bxc6 28.
Nxa4 Nxd4 29. Qxd4 Ra8 30. Rbc1 Ra5 31. Re1 Qg5 32. Bd3 Rda8 33. f4 Qf6 34.
Qxf6 gxf6 35. Bf5 Nxc5 36. Nb6 Nb3 37. Rc3 Rb8 38. Rxb3 Ra6 39. Rg3+ 1-0

[Event "Autunno Scacchistico Magistrale"]
[Site "Venezia ITA"]
[Date "2003.11.02"]
[Round "5"]
[White "Kiss, Pal"]
[Black "Djuric, Stefan"]
[Result "0-1"]
[WhiteElo "2393"]
[BlackElo "2488"]
[PlyCount "78"]
[EventDate "2003.10.30"]

1. d4 Nf6 2. c4 d6 3. Nf3 c6 4. Nc3 Nbd7 5. e4 e5 6. Be2 Be7 7. O-O O-O 8. Re1
Re8 9. Bf1 a5 10. d5 Nc5 11. h3 Bd7 12. Nd2 a4 13. b4 axb3 14. Nxb3 Na4 15. Bd2
Nxc3 16. Bxc3 Qc7 17. Qd2 Ra4 18. Ba5 b6 19. Bb4 c5 20. Bc3 Rea8 21. Qc2 Qa7
22. Nc1 Ne8 23. Bb2 Nc7 24. Ne2 b5 25. Nc3 Ra5 26. a3 Rb8 27. Reb1 b4 28. axb4
cxb4 29. Rxa5 Qxa5 30. Ra1 Qb6 31. Na4 Bxa4 32. Qxa4 Bh4 33. Qc2 b3 34. Qd2 Na6
35. Ba3 Nc5 36. Bxc5 Qxc5 37. Rb1 h6 38. Rb2 Qa7 39. Qc3 Bxf2+ 0-1

[Event "Autunno Scacchistico Magistrale"]
[Site "Venezia ITA"]
[Date "2003.11.02"]
[Round "5"]
[White "Navarro, Stefano"]
[Black "Mileto, Gabriele"]
[Result "1/2-1/2"]
[WhiteElo "2127"]
[BlackElo "2222"]
[PlyCount "69"]
[EventDate "2003.10.30"]

1. e4 e6 2. d4 d5 3. Nc3 Bb4 4. e5 c5 5. a3 Bxc3+ 6. bxc3 Ne7 7. Qg4 Kf8 8. Qd1
b6 9. Nf3 Ba6 10. Bxa6 Nxa6 11. a4 Nc6 12. O-O Na5 13. Qe2 Qc8 14. Nd2 Kg8 15.
Ba3 h6 16. Qd3 g6 17. f4 Kg7 18. Rf3 cxd4 19. cxd4 Nc4 20. Be7 Rh7 21. Nxc4
dxc4 22. Bf6+ Kg8 23. Qe4 Nc7 24. Rg3 Qd7 25. c3 Nd5 26. Rf1 Re8 27. Bh4 Kf8
28. Qc2 Rh8 29. Rh3 Kg7 30. Be1 h5 31. Bd2 Ne7 32. Rhf3 Nf5 33. g3 Rhf8 34. h3
Qc6 35. Be1 1/2-1/2

[Event "Autunno Scacchistico Magistrale"]
[Site "Venezia ITA"]
[Date "2003.11.02"]
[Round "5"]
[White "Opacic, Alexandar"]
[Black "Quaranta, Cristiano"]
[Result "1-0"]
[WhiteElo "2088"]
[BlackElo "1942"]
[PlyCount "135"]
[EventDate "2003.10.30"]

1. e4 c5 2. Nf3 e6 3. d4 cxd4 4. Nxd4 a6 5. Nc3 Qc7 6. g3 Bb4 7. Nde2 Nf6 8.
Bg2 Nc6 9. O-O O-O 10. Bf4 e5 11. Bg5 Be7 12. Bxf6 Bxf6 13. Nd5 Qd8 14. Nec3 d6
15. Nxf6+ Qxf6 16. Nd5 Qd8 17. Qd3 f5 18. Ne3 f4 19. Nc4 Rf6 20. Rfd1 Nd4 21.
c3 Nb5 22. a4 Na7 23. Nxe5 fxg3 24. hxg3 Qb6 25. Nf3 Bg4 26. Rd2 Bxf3 27. Bxf3
Raf8 28. Qd5+ Kh8 29. a5 Qc7 30. Bg2 Nc6 31. f4 Rg6 32. Rd3 Ne7 33. Qd4 Nc6 34.
Qe3 Nxa5 35. Rd5 Nc4 36. Qf2 Rgf6 37. Bf1 Ne5 38. Be2 Qc8 39. f5 Rh6 40. Kg2
Qd8 41. Rad1 Qe7 42. c4 Nxc4 43. Qd4 b5 44. Bxc4 bxc4 45. Qxc4 Qb7 46. b4 Rhf6
47. g4 Rc8 48. Rxd6 Rxd6 49. Rxd6 h5 50. Qd4 Rc2+ 51. Kf3 hxg4+ 52. Kxg4 Qb5
53. Rd8+ Kh7 54. Qd3 Qxd3 55. Rxd3 Rc4 56. Re3 Rxb4 57. Kg5 Kg8 58. e5 Kf7 59.
Rc3 Rb7 60. e6+ Ke7 61. Kg6 Kd8 62. Rd3+ Ke8 63. Rd7 Rb1 64. Kxg7 Rg1+ 65. Kf6
Rh1 66. Ra7 Rh6+ 67. Ke5 Rh1 68. Ra8+ 1-0

[Event "Autunno Scacchistico Magistrale"]
[Site "Venezia ITA"]
[Date "2003.11.02"]
[Round "5"]
[White "Roberti, Ignazio"]
[Black "Zanin, Dario"]
[Result "0-1"]
[WhiteElo "1990"]
[BlackElo "2039"]
[PlyCount "116"]
[EventDate "2003.10.30"]

1. e4 e5 2. Nf3 Nc6 3. Bb5 a6 4. Ba4 Nf6 5. O-O b5 6. Bb3 Be7 7. Re1 O-O 8. a4
Bb7 9. d3 d6 10. c3 Na5 11. Bc2 c5 12. Nbd2 Qc7 13. Nf1 Rfc8 14. Ng3 Bf8 15.
Nf5 g6 16. Bg5 Ne8 17. Nh6+ Kh8 18. Nh4 f6 19. Qf3 Bg7 20. Bd2 Qd7 21. g4 d5
22. Be3 d4 23. Bd2 dxc3 24. bxc3 Nc4 25. Bc1 Ncd6 26. Be3 b4 27. Bb3 c4 28.
Bxc4 Nxc4 29. dxc4 Rxc4 30. Red1 Qe6 31. cxb4 Rxe4 32. Qh3 Bxh6 33. Nxg6+ Kg8
34. Ne7+ Qxe7 35. Bxh6 Qxb4 36. f3 Rd4 37. Rdb1 Qe7 38. g5 Bd5 39. Qg3 fxg5 40.
Bxg5 Qg7 41. Rb6 Rd3 42. Rf1 e4 43. Rb4 h6 44. Bxh6 Qxg3+ 45. hxg3 Rxf3 46. Bf4
Rxf1+ 47. Kxf1 Nf6 48. Ke1 Kf7 49. Kd2 Ke6 50. Kc3 Rc8+ 51. Kd4 Rc6 52. Bg5 Ng4
53. Bf4 Nh2 54. a5 Nf3+ 55. Ke3 Rc3+ 56. Kf2 Bc4 57. Rb6+ Kf5 58. Rb8 Rc2+ 0-1

[Event "Autunno Scacchistico Magistrale"]
[Site "Venezia ITA"]
[Date "2003.11.02"]
[Round "5"]
[White "Solinas, Carlo"]
[Black "Buchicchio, Giancarlo"]
[Result "0-1"]
[WhiteElo "2065"]
[BlackElo "1891"]
[PlyCount "126"]
[EventDate "2003.10.30"]

1. e4 Nf6 2. e5 Nd5 3. Nc3 c6 4. Bc4 Nxc3 5. dxc3 d6 6. Qf3 e6 7. Bf4 dxe5 8.
Bxe5 Nd7 9. Rd1 Qa5 10. Bf4 Ne5 11. Qe4 Nxc4 12. Qxc4 e5 13. Qe4 f6 14. Nf3 Be7
15. Be3 Qxa2 16. O-O a6 17. b3 Qa5 18. Rd3 Be6 19. c4 Qc7 20. Nh4 g5 21. Nf5
Bxf5 22. Qxf5 Qc8 23. Qe4 Qe6 24. f4 gxf4 25. Bxf4 Qg4 26. Rg3 Qh5 27. Be3
O-O-O 28. Rh3 Qg6 29. Qf3 Qxc2 30. Bb6 Rd2 31. Rg3 Rd7 32. Kh1 Qd2 33. Bg1 Bd8
34. Qf5 Kc7 35. Qe6 Qd6 36. Qf5 h5 37. Qf2 c5 38. Qxc5+ Qxc5 39. Bxc5 Kc6 40.
Be3 Rhh7 41. b4 Rd3 42. Rb1 h4 43. b5+ axb5 44. cxb5+ Kd5 45. Rg8 Ba5 46. Bf2
e4 47. Re8 f5 48. Be1 Bb6 49. Rf8 Ke5 50. Re8+ Kf4 51. Re6 Bd4 52. Bb4 Ke3 53.
Rf1 Ke2 54. Re1+ Kf2 55. Rb1 e3 56. Rd6 Rg7 57. Rd5 Rf7 58. Be1+ Ke2 59. Bxh4
Bc3 60. Rxd3 Kxd3 61. Kg1 Kc2 62. Rf1 e2 63. Rf3 Re7 0-1

[Event "Autunno Scacchistico Magistrale"]
[Site "Venezia ITA"]
[Date "2003.11.02"]
[Round "5"]
[White "Vancini, Edoardo"]
[Black "Genna, Jose' Miguel"]
[Result "0-1"]
[WhiteElo "2284"]
[BlackElo "2048"]
[PlyCount "82"]
[EventDate "2003.10.30"]

1. e4 e6 2. d4 d5 3. Nd2 Nf6 4. e5 Nfd7 5. c3 c5 6. Bd3 Nc6 7. Ne2 cxd4 8. cxd4
f6 9. exf6 Nxf6 10. O-O Bd6 11. Nf3 O-O 12. Bf4 Bxf4 13. Nxf4 Ne4 14. Qc1 Ng5
15. Nxg5 Qxg5 16. Ne2 Qf6 17. Qe3 e5 18. dxe5 Nxe5 19. Bc2 Bd7 20. Qd4 Bc6 21.
Bb3 Kh8 22. f3 Bb5 23. Qd2 Qa6 24. Nf4 Bxf1 25. Rxf1 Qb6+ 26. Kh1 Nc4 27. Qxd5
Ne3 28. Qg5 Rxf4 29. Re1 Qd4 30. Qe7 Nc4 31. Rd1 Nd2 32. Be6 Rd8 33. Re1 Rff8
34. Qxb7 Rb8 35. Qe7 Rbe8 36. Qg5 Qf2 37. Qe5 Rf6 38. Rc1 h6 39. Bf5 Rff8 40.
Be6 Nc4 41. Qe4 Ne3 0-1

[Event "Autunno Scacchistico Magistrale"]
[Site "Venezia ITA"]
[Date "2003.11.02"]
[Round "5"]
[White "Verducci, Gianni"]
[Black "Pfeifer, Andreas"]
[Result "1-0"]
[WhiteElo "1959"]
[BlackElo "2122"]
[PlyCount "55"]
[EventDate "2003.10.30"]

1. e4 d5 2. exd5 Qxd5 3. Nc3 Qa5 4. d4 Nf6 5. Bd2 c6 6. Bc4 Bf5 7. Nf3 e6 8.
Nh4 Bg4 9. f3 Bh5 10. g4 Bg6 11. Nxg6 hxg6 12. Qe2 Bb4 13. O-O-O Nbd7 14. a3
Bxc3 15. Bxc3 Qc7 16. d5 Nb6 17. Be5 Qe7 18. dxe6 Nxc4 19. exf7+ Kf8 20. Qxc4
Qxe5 21. Rhe1 Qg5+ 22. f4 Qb5 23. Qe6 Qc5 24. Rd6 Qxd6 25. Qxd6+ Kxf7 26. Re7+
Kg8 27. Qe6+ Kh7 28. Qxf6 1-0

[Event "Autunno Scacchistico Magistrale"]
[Site "Venezia ITA"]
[Date "2003.11.02"]
[Round "5"]
[White "Zotti, Enrico"]
[Black "Di Lazzaro, Gabriele"]
[Result "1-0"]
[WhiteElo "2043"]
[BlackElo "2013"]
[PlyCount "81"]
[EventDate "2003.10.30"]

1. Nf3 c5 2. g3 Nc6 3. Bg2 e5 4. d3 g6 5. c4 Bg7 6. Nc3 Nge7 7. O-O O-O 8. Bg5
f6 9. Bd2 d6 10. a3 Rb8 11. b4 cxb4 12. axb4 Nxb4 13. Rxa7 Na6 14. Qa4 Bd7 15.
Nb5 Nc8 16. Rxa6 bxa6 17. Qxa6 Qb6 18. Qa2 Bxb5 19. cxb5+ Kh8 20. Rb1 Ne7 21.
Be3 Qd8 22. Nd2 d5 23. Bc5 Re8 24. b6 Nc6 25. Bxd5 Nd4 26. Kf1 Qc8 27. Ne4 Qh3+
28. Ke1 Qxh2 29. Bxd4 exd4 30. b7 h5 31. Kd2 Bh6+ 32. Kc2 f5 33. Qa6 fxe4 34.
Qxg6 exd3+ 35. Kxd3 Bg7 36. Rh1 Qxh1 37. Bxh1 Re7 38. Qxh5+ Kg8 39. Bd5+ Kf8
40. Qf5+ Ke8 41. Qc8+ 1-0

[Event "Autunno Scacchistico Magistrale"]
[Site "Venezia ITA"]
[Date "2003.11.02"]
[Round "6"]
[White "Buchicchio, Giancarlo"]
[Black "Alberti, Andrea"]
[Result "0-1"]
[WhiteElo "1891"]
[BlackElo "2174"]
[PlyCount "40"]
[EventDate "2003.10.30"]

1. e4 c5 2. Nf3 e6 3. d4 cxd4 4. Nxd4 Nc6 5. Be2 a6 6. O-O Qc7 7. Nc3 b5 8. a3
Bb7 9. Kh1 Nf6 10. f4 d6 11. Bf3 Rd8 12. g4 Nxd4 13. Qxd4 d5 14. e5 Bc5 15. Qd3
Ne4 16. Be3 d4 17. Bxe4 dxc3 18. Qxc3 Bxe4+ 19. Kg1 Bxe3+ 20. Qxe3 Bb7 0-1

[Event "Autunno Scacchistico Magistrale"]
[Site "Venezia ITA"]
[Date "2003.11.02"]
[Round "6"]
[White "Cristiani, Cesare"]
[Black "Artizzu, Giulio"]
[Result "1-0"]
[WhiteElo "2137"]
[BlackElo "2127"]
[PlyCount "77"]
[EventDate "2003.10.30"]

1. d4 Nf6 2. c4 c5 3. d5 e6 4. Nc3 exd5 5. cxd5 d6 6. Nf3 g6 7. g3 Bg7 8. Bg2
O-O 9. O-O Na6 10. Nd2 Nc7 11. Nc4 b5 12. Na5 b4 13. Nc6 Qd7 14. Na4 Bb7 15. e4
Ng4 16. Bf4 Rfe8 17. Rc1 Nb5 18. Rxc5 dxc5 19. Nxc5 Bxc6 20. Nxd7 Bxd7 21. Qd2
Rac8 22. h3 Ne5 23. Kh2 a5 24. Bxe5 Bxe5 25. f4 Bd4 26. Re1 Rc4 27. Bf1 Rec8
28. Bxc4 Rxc4 29. Rc1 Rxc1 30. Qxc1 a4 31. Qc4 a3 32. bxa3 bxa3 33. e5 Kg7 34.
g4 Bb2 35. e6 Be8 36. Qc8 Nd6 37. Qd8 Bb5 38. Qxd6 Bc4 39. exf7 1-0

[Event "Autunno Scacchistico Magistrale"]
[Site "Venezia ITA"]
[Date "2003.11.02"]
[Round "6"]
[White "Di Lascio, Savino"]
[Black "Vancini, Edoardo"]
[Result "0-1"]
[WhiteElo "2101"]
[BlackElo "2284"]
[PlyCount "78"]
[EventDate "2003.10.30"]

1. Nf3 b5 2. g3 Bb7 3. Bg2 c5 4. O-O g6 5. d3 Bg7 6. c3 Nf6 7. a4 b4 8. e4 O-O
9. a5 d6 10. cxb4 cxb4 11. Qa4 Na6 12. Rd1 Nd7 13. Be3 Bxb2 14. Ra2 Bg7 15. Ne1
Ndc5 16. Qb5 Rb8 17. d4 Bd5 18. Qe2 Bxa2 19. dxc5 Bb3 20. Rd2 Qxa5 21. cxd6
exd6 22. Rxd6 Nc7 23. Qd3 Be6 24. Bf4 Nb5 25. Rxe6 Rbd8 26. Qc4 fxe6 27. Qxe6+
Kh8 28. Be5 Nd4 29. Bxg7+ Kxg7 30. Qc4 Qb5 31. Qa2 Ne2+ 32. Kh1 Rd1 33. Qxa7+
Rf7 34. Qa1+ Kh6 35. h4 Rxe1+ 36. Kh2 Qc5 37. Qa2 Qxf2 38. Qd2+ Rf4 39. gxf4
Qg3# 0-1

[Event "Autunno Scacchistico Magistrale"]
[Site "Venezia ITA"]
[Date "2003.11.02"]
[Round "6"]
[White "Di Lazzaro, Gabriele"]
[Black "Rossi, Damiano"]
[Result "0-1"]
[WhiteElo "2013"]
[BlackElo "2029"]
[PlyCount "96"]
[EventDate "2003.10.30"]

1. e4 e6 2. d4 d5 3. Nd2 dxe4 4. Nxe4 Nf6 5. Nxf6+ Qxf6 6. Nf3 h6 7. Bd3 Bd6 8.
c4 c5 9. Be3 Nd7 10. O-O O-O 11. Bc2 Rd8 12. Qd3 Nf8 13. Rfd1 Bf4 14. Qe4 Bxe3
15. fxe3 cxd4 16. exd4 Rb8 17. Ne5 Qe7 18. Rf1 f5 19. Qe3 Qb4 20. b3 Qa3 21.
Qc3 Nd7 22. Rfe1 Nf6 23. Rad1 Qd6 24. Qg3 Bd7 25. Qg6 Be8 26. Qg3 Bh5 27. Rd2
Rbc8 28. Qe3 b5 29. h3 a6 30. d5 Ne4 31. Rd4 Qxe5 32. Bxe4 fxe4 33. Rxe4 Qc7
34. Rxe6 bxc4 35. Rc6 Qb7 36. Rxc8 Rxc8 37. d6 c3 38. Rc1 c2 39. Qd3 Bd1 40.
Qd4 Qc6 41. b4 Rd8 42. a4 Rxd6 43. Qa1 Rg6 44. g4 h5 45. Rxd1 cxd1=Q+ 46. Qxd1
hxg4 47. h4 Rd6 48. Qb3+ Qd5 0-1

[Event "Autunno Scacchistico Magistrale"]
[Site "Venezia ITA"]
[Date "2003.11.02"]
[Round "6"]
[White "Drazic, Sinisa"]
[Black "Laketic, Gojko"]
[Result "1/2-1/2"]
[WhiteElo "2467"]
[BlackElo "2399"]
[PlyCount "54"]
[EventDate "2003.10.30"]

1. e4 Nf6 2. e5 Nd5 3. d4 d6 4. Nf3 Bg4 5. Be2 e6 6. h3 Bh5 7. c3 Nc6 8. exd6
cxd6 9. O-O Be7 10. Re1 O-O 11. Nbd2 a6 12. Nf1 b5 13. Ng3 Bg6 14. Bd3 Nb6 15.
Bxg6 hxg6 16. Bf4 b4 17. Qd3 bxc3 18. bxc3 d5 19. Rab1 Nc4 20. Kh2 Bd6 21. Bxd6
Qxd6 22. Kg1 Rfb8 23. h4 Qf4 24. h5 gxh5 25. Nxh5 Qh6 26. Ng3 Qh7 27. Qxh7+
Kxh7 1/2-1/2

[Event "Autunno Scacchistico Magistrale"]
[Site "Venezia ITA"]
[Date "2003.11.02"]
[Round "6"]
[White "Genocchio, Daniele"]
[Black "Fattorelli, Luciano"]
[Result "1-0"]
[WhiteElo "2333"]
[BlackElo "2169"]
[PlyCount "51"]
[EventDate "2003.10.30"]

1. e4 d6 2. d4 Nf6 3. Nc3 g6 4. f4 Bg7 5. Nf3 O-O 6. e5 Nfd7 7. h4 c5 8. h5
cxd4 9. Qxd4 dxe5 10. Qf2 exf4 11. hxg6 Qc7 12. gxf7+ Rxf7 13. Bd2 Ne5 14.
O-O-O Nxf3 15. gxf3 Bf5 16. Rh4 Bg6 17. Be1 Nd7 18. Bh3 Nf8 19. Nd5 Qc4 20. Kb1
Rc8 21. Bxc8 Qxc8 22. Bb4 Qe6 23. Nxf4 Qf6 24. Bc3 Bxc2+ 25. Kxc2 Qf5+ 26. Nd3
1-0

[Event "Autunno Scacchistico Magistrale"]
[Site "Venezia ITA"]
[Date "2003.11.02"]
[Round "6"]
[White "Jankovic, Alojzije"]
[Black "Bonafede, Alessandro"]
[Result "1-0"]
[WhiteElo "2383"]
[BlackElo "2034"]
[PlyCount "55"]
[EventDate "2003.10.30"]

1. d4 Nf6 2. Nf3 e6 3. c4 c5 4. d5 exd5 5. cxd5 d6 6. e4 g6 7. Bd3 Bg7 8. h3
O-O 9. Nc3 Re8 10. O-O c4 11. Bc2 Na6 12. Be3 b5 13. Nxb5 Nxe4 14. Bd4 Nac5 15.
Bxg7 Kxg7 16. Qd4+ Kg8 17. Rfe1 f5 18. Bxe4 Rxe4 19. Rxe4 Nxe4 20. Nxa7 Bd7 21.
Nc6 Bxc6 22. dxc6 d5 23. Rd1 Rc8 24. Ne5 Nf6 25. b3 cxb3 26. axb3 Kg7 27. b4
Rb8 28. Nd7 1-0

[Event "Autunno Scacchistico Magistrale"]
[Site "Venezia ITA"]
[Date "2003.11.02"]
[Round "6"]
[White "Jurkovic, Ante"]
[Black "Genna, Jose' Miguel"]
[Result "1-0"]
[WhiteElo "2317"]
[BlackElo "2048"]
[PlyCount "97"]
[EventDate "2003.10.30"]

1. e4 e6 2. d4 d5 3. Nd2 Nf6 4. Bd3 c5 5. e5 Nfd7 6. c3 Nc6 7. Ne2 cxd4 8. cxd4
f6 9. exf6 Nxf6 10. Nf3 Bd6 11. O-O O-O 12. Bg5 e5 13. Qb3 Be6 14. dxe5 Nxe5
15. Nxe5 Bxe5 16. Bf4 Qd6 17. Bxe5 Qxe5 18. Qc3 Qd6 19. f3 Rac8 20. Qd4 Qc5 21.
Rfc1 Qxd4+ 22. Nxd4 Bd7 23. g4 g6 24. Kg2 a6 25. Kg3 Kg7 26. h3 Rfe8 27. Kf2
Kf7 28. Nb3 Rxc1 29. Rxc1 Rc8 30. Rxc8 Bxc8 31. Ke3 Ke7 32. Kf4 Nd7 33. Nd4 Kd6
34. Bc2 Nf8 35. b4 Bd7 36. h4 h6 37. Ke3 Be8 38. f4 Ne6 39. Nxe6 Kxe6 40. Kd4
Kd6 41. a4 Bf7 42. a5 Be8 43. g5 hxg5 44. hxg5 Bf7 45. f5 gxf5 46. Bxf5 Bg8 47.
g6 Kc6 48. Ke5 d4 49. Kxd4 1-0

[Event "Autunno Scacchistico Magistrale"]
[Site "Venezia ITA"]
[Date "2003.11.02"]
[Round "6"]
[White "Maneschi, Giuseppe"]
[Black "Navarro, Stefano"]
[Result "0-1"]
[WhiteElo "2091"]
[BlackElo "2127"]
[PlyCount "42"]
[EventDate "2003.10.30"]

1. d4 d5 2. Nf3 e6 3. e3 Nf6 4. Bd3 Nbd7 5. Nbd2 Bd6 6. b3 e5 7. dxe5 Nxe5 8.
Nxe5 Bxe5 9. Rb1 O-O 10. O-O Re8 11. Nf3 Bc3 12. Bb2 Bxb2 13. Rxb2 Bg4 14. c4
dxc4 15. Bxc4 Qe7 16. Be2 Rad8 17. Nd4 Bxe2 18. Qxe2 Rxd4 19. Qf3 Rd5 20. Rc2
c6 21. Rc4 Ne4 0-1

[Event "Autunno Scacchistico Magistrale"]
[Site "Venezia ITA"]
[Date "2003.11.02"]
[Round "6"]
[White "Opacic, Alexandar"]
[Black "Solinas, Carlo"]
[Result "0-1"]
[WhiteElo "2088"]
[BlackElo "2065"]
[PlyCount "50"]
[EventDate "2003.10.30"]

1. e4 e5 2. Nf3 Nc6 3. Bc4 Nf6 4. Ng5 Bc5 5. Bxf7+ Ke7 6. Bb3 Rf8 7. O-O h6 8.
Nf3 d6 9. d4 Nxd4 10. Nxd4 Bxd4 11. Nc3 c6 12. Qd3 Qe8 13. Be3 Qg6 14. Rfd1 Bh3
15. g3 Ng4 16. Bxd4 exd4 17. f3 Ne5 18. Nd5+ cxd5 19. Qb5 Rxf3 20. Qxb7+ Bd7
21. Kg2 Qxe4 22. Bxd5 Rxg3+ 23. Kxg3 Qg4+ 24. Kf2 Rf8+ 25. Ke1 Qg1+ 0-1